<?xml version="1.0" encoding="UTF-8"?>
<record
    xmlns:xsi="http://www.w3.org/2001/XMLSchema-instance"
    xsi:schemaLocation="http://www.loc.gov/MARC21/slim http://www.loc.gov/standards/marcxml/schema/MARC21slim.xsd"
    xmlns="http://www.loc.gov/MARC21/slim">

  <leader>00999nam a22002777a 4500</leader>
  <controlfield tag="005">20180308122500.0</controlfield>
  <datafield tag="010" ind1=" " ind2=" ">
    <subfield code="a">BAC-EN21    ENG-111900</subfield>
  </datafield>
  <datafield tag="020" ind1=" " ind2=" ">
    <subfield code="a">9789351072256</subfield>
    <subfield code="c">465.00</subfield>
  </datafield>
  <datafield tag="035" ind1=" " ind2=" ">
    <subfield code="a">EN-95432</subfield>
  </datafield>
  <datafield tag="035" ind1=" " ind2=" ">
    <subfield code="a">B-588751-781</subfield>
  </datafield>
  <datafield tag="035" ind1=" " ind2=" ">
    <subfield code="a">B-665106</subfield>
  </datafield>
  <datafield tag="037" ind1=" " ind2=" ">
    <subfield code="b">Prakashan Sansthan/Ven</subfield>
    <subfield code="a">dpl</subfield>
  </datafield>
  <datafield tag="037" ind1=" " ind2=" ">
    <subfield code="b">DBAD/PUB</subfield>
  </datafield>
  <datafield tag="082" ind1=" " ind2=" ">
    <subfield code="a">620.11</subfield>
  </datafield>
  <datafield tag="100" ind1=" " ind2=" ">
    <subfield code="a">Philip, Mathew</subfield>
  </datafield>
  <datafield tag="245" ind1=" " ind2=" ">
    <subfield code="a">Technology of engineering materials /</subfield>
    <subfield code="c">by Mathew Philip [and] Bill Bolton</subfield>
  </datafield>
  <datafield tag="260" ind1=" " ind2=" ">
    <subfield code="a">New Delhi</subfield>
    <subfield code="b">Elsevier</subfield>
    <subfield code="c">2014</subfield>
  </datafield>
  <datafield tag="270" ind1=" " ind2=" ">
    <subfield code="a">305, Rohit House, 3 Tolstoy Marg</subfield>
    <subfield code="b">New Delhi</subfield>
    <subfield code="e">110001</subfield>
  </datafield>
  <datafield tag="300" ind1=" " ind2=" ">
    <subfield code="a">viii,471p. :</subfield>
    <subfield code="c">27cm(pbk)</subfield>
    <subfield code="b">ill.</subfield>
  </datafield>
  <datafield tag="500" ind1=" " ind2=" ">
    <subfield code="a">Includes index</subfield>
  </datafield>
  <datafield tag="650" ind1=" " ind2=" ">
    <subfield code="a">Materials.</subfield>
  </datafield>
  <datafield tag="700" ind1=" " ind2=" ">
    <subfield code="a">Bolton, Bill</subfield>
  </datafield>
  <datafield tag="942" ind1=" " ind2=" ">
    <subfield code="2">ddc</subfield>
    <subfield code="c">EN</subfield>
    <subfield code="m">PHI</subfield>
    <subfield code="h">620.11</subfield>
  </datafield>
  <datafield tag="999" ind1=" " ind2=" ">
    <subfield code="c">89171</subfield>
    <subfield code="d">89171</subfield>
  </datafield>
  <datafield tag="952" ind1=" " ind2=" ">
    <subfield code="0">0</subfield>
    <subfield code="1">0</subfield>
    <subfield code="4">0</subfield>
    <subfield code="7">1</subfield>
    <subfield code="8">NFIC</subfield>
    <subfield code="a">DBAD</subfield>
    <subfield code="b">DBAD</subfield>
    <subfield code="d">2015-01-27</subfield>
    <subfield code="e">DBAD/PUB</subfield>
    <subfield code="g">465.00</subfield>
    <subfield code="l">0</subfield>
    <subfield code="o">620.11 PHI</subfield>
    <subfield code="p">EN-95432</subfield>
    <subfield code="r">2015-01-27 00:00:00</subfield>
    <subfield code="t">1</subfield>
    <subfield code="v">465.00</subfield>
    <subfield code="y">EN</subfield>
  </datafield>
  <datafield tag="952" ind1=" " ind2=" ">
    <subfield code="0">0</subfield>
    <subfield code="1">0</subfield>
    <subfield code="4">0</subfield>
    <subfield code="7">0</subfield>
    <subfield code="8">NFIC</subfield>
    <subfield code="a">L</subfield>
    <subfield code="b">L</subfield>
    <subfield code="d">2015-02-24</subfield>
    <subfield code="e">Prakashan Sansthan/429/06.01.2015/185/08.12.2014/14.01.2015</subfield>
    <subfield code="g">465.00</subfield>
    <subfield code="l">5</subfield>
    <subfield code="m">2</subfield>
    <subfield code="o">620.11 PHI</subfield>
    <subfield code="p">B-588751</subfield>
    <subfield code="r">2023-01-07 00:00:00</subfield>
    <subfield code="s">2022-12-03</subfield>
    <subfield code="t">1</subfield>
    <subfield code="v">465.00</subfield>
    <subfield code="w">2015-02-24</subfield>
    <subfield code="y">EN</subfield>
  </datafield>
  <datafield tag="952" ind1=" " ind2=" ">
    <subfield code="0">0</subfield>
    <subfield code="1">0</subfield>
    <subfield code="4">0</subfield>
    <subfield code="7">1</subfield>
    <subfield code="8">REF</subfield>
    <subfield code="a">L</subfield>
    <subfield code="b">L</subfield>
    <subfield code="d">2015-02-24</subfield>
    <subfield code="e">Prakashan Sansthan/429/06.01.2015/185/08.12.2014/14.01.2015</subfield>
    <subfield code="g">465.00</subfield>
    <subfield code="l">0</subfield>
    <subfield code="o">620.11 PHI</subfield>
    <subfield code="p">B-588752</subfield>
    <subfield code="r">2015-02-24 00:00:00</subfield>
    <subfield code="t">1</subfield>
    <subfield code="v">465.00</subfield>
    <subfield code="y">EN</subfield>
  </datafield>
  <datafield tag="952" ind1=" " ind2=" ">
    <subfield code="0">0</subfield>
    <subfield code="1">0</subfield>
    <subfield code="4">0</subfield>
    <subfield code="7">0</subfield>
    <subfield code="8">NFIC</subfield>
    <subfield code="a">M</subfield>
    <subfield code="b">M</subfield>
    <subfield code="d">2015-02-24</subfield>
    <subfield code="e">Prakashan Sansthan/429/06.01.2015/185/08.12.2014/14.01.2015</subfield>
    <subfield code="g">465.00</subfield>
    <subfield code="l">0</subfield>
    <subfield code="o">620.11 PHI</subfield>
    <subfield code="p">B-588753</subfield>
    <subfield code="r">2015-02-24 00:00:00</subfield>
    <subfield code="t">2</subfield>
    <subfield code="v">465.00</subfield>
    <subfield code="y">EN</subfield>
  </datafield>
  <datafield tag="952" ind1=" " ind2=" ">
    <subfield code="0">0</subfield>
    <subfield code="1">0</subfield>
    <subfield code="4">0</subfield>
    <subfield code="7">0</subfield>
    <subfield code="8">NFIC</subfield>
    <subfield code="a">M</subfield>
    <subfield code="b">M</subfield>
    <subfield code="d">2015-02-24</subfield>
    <subfield code="e">Prakashan Sansthan/429/06.01.2015/185/08.12.2014/14.01.2015</subfield>
    <subfield code="g">465.00</subfield>
    <subfield code="l">0</subfield>
    <subfield code="o">620.11 PHI</subfield>
    <subfield code="p">B-588754</subfield>
    <subfield code="r">2015-02-24 00:00:00</subfield>
    <subfield code="t">2</subfield>
    <subfield code="v">465.00</subfield>
    <subfield code="y">EN</subfield>
  </datafield>
  <datafield tag="952" ind1=" " ind2=" ">
    <subfield code="0">0</subfield>
    <subfield code="1">0</subfield>
    <subfield code="4">0</subfield>
    <subfield code="7">0</subfield>
    <subfield code="8">NFIC</subfield>
    <subfield code="a">NPL</subfield>
    <subfield code="b">NPL</subfield>
    <subfield code="d">2015-02-24</subfield>
    <subfield code="e">Prakashan Sansthan/429/06.01.2015/185/08.12.2014/14.01.2015</subfield>
    <subfield code="g">465.00</subfield>
    <subfield code="l">0</subfield>
    <subfield code="o">620.11 PHI</subfield>
    <subfield code="p">B-588755</subfield>
    <subfield code="r">2015-02-24 00:00:00</subfield>
    <subfield code="t">1</subfield>
    <subfield code="v">465.00</subfield>
    <subfield code="y">EN</subfield>
  </datafield>
  <datafield tag="952" ind1=" " ind2=" ">
    <subfield code="0">0</subfield>
    <subfield code="1">0</subfield>
    <subfield code="4">0</subfield>
    <subfield code="7">0</subfield>
    <subfield code="8">NFIC</subfield>
    <subfield code="a">BL1</subfield>
    <subfield code="b">BL1</subfield>
    <subfield code="d">2015-02-24</subfield>
    <subfield code="e">Prakashan Sansthan/429/06.01.2015/185/08.12.2014/14.01.2015</subfield>
    <subfield code="g">465.00</subfield>
    <subfield code="l">5</subfield>
    <subfield code="m">5</subfield>
    <subfield code="o">620.11 PHI</subfield>
    <subfield code="p">B-588756</subfield>
    <subfield code="r">2021-12-18 00:00:00</subfield>
    <subfield code="s">2021-12-14</subfield>
    <subfield code="t">1</subfield>
    <subfield code="v">465.00</subfield>
    <subfield code="y">EN</subfield>
  </datafield>
  <datafield tag="952" ind1=" " ind2=" ">
    <subfield code="0">0</subfield>
    <subfield code="1">0</subfield>
    <subfield code="4">0</subfield>
    <subfield code="7">0</subfield>
    <subfield code="8">NFIC</subfield>
    <subfield code="a">KGM</subfield>
    <subfield code="b">KGM</subfield>
    <subfield code="d">2015-02-24</subfield>
    <subfield code="e">Prakashan Sansthan/429/06.01.2015/185/08.12.2014/14.01.2015</subfield>
    <subfield code="g">465.00</subfield>
    <subfield code="l">0</subfield>
    <subfield code="o">620.11 PHI</subfield>
    <subfield code="p">B-588757</subfield>
    <subfield code="r">2015-02-24 00:00:00</subfield>
    <subfield code="t">1</subfield>
    <subfield code="v">465.00</subfield>
    <subfield code="y">EN</subfield>
  </datafield>
  <datafield tag="952" ind1=" " ind2=" ">
    <subfield code="0">0</subfield>
    <subfield code="1">0</subfield>
    <subfield code="4">0</subfield>
    <subfield code="7">0</subfield>
    <subfield code="8">NFIC</subfield>
    <subfield code="a">PR</subfield>
    <subfield code="b">PR</subfield>
    <subfield code="d">2015-02-24</subfield>
    <subfield code="e">Prakashan Sansthan/429/06.01.2015/185/08.12.2014/14.01.2015</subfield>
    <subfield code="g">465.00</subfield>
    <subfield code="l">0</subfield>
    <subfield code="o">620.11 PHI</subfield>
    <subfield code="p">B-588758</subfield>
    <subfield code="r">2015-02-24 00:00:00</subfield>
    <subfield code="t">1</subfield>
    <subfield code="v">465.00</subfield>
    <subfield code="y">EN</subfield>
  </datafield>
  <datafield tag="952" ind1=" " ind2=" ">
    <subfield code="0">0</subfield>
    <subfield code="1">0</subfield>
    <subfield code="4">0</subfield>
    <subfield code="7">0</subfield>
    <subfield code="8">NFIC</subfield>
    <subfield code="a">TN</subfield>
    <subfield code="b">TN</subfield>
    <subfield code="d">2015-02-24</subfield>
    <subfield code="e">Prakashan Sansthan/429/06.01.2015/185/08.12.2014/14.01.2015</subfield>
    <subfield code="g">465.00</subfield>
    <subfield code="l">5</subfield>
    <subfield code="m">4</subfield>
    <subfield code="o">620.11 PHI</subfield>
    <subfield code="p">B-588759</subfield>
    <subfield code="r">2018-12-19 00:00:00</subfield>
    <subfield code="s">2018-11-06</subfield>
    <subfield code="t">1</subfield>
    <subfield code="v">465.00</subfield>
    <subfield code="y">EN</subfield>
  </datafield>
  <datafield tag="952" ind1=" " ind2=" ">
    <subfield code="0">0</subfield>
    <subfield code="1">0</subfield>
    <subfield code="4">0</subfield>
    <subfield code="7">0</subfield>
    <subfield code="8">NFIC</subfield>
    <subfield code="a">CJ</subfield>
    <subfield code="b">CJ</subfield>
    <subfield code="d">2015-02-24</subfield>
    <subfield code="e">Prakashan Sansthan/429/06.01.2015/185/08.12.2014/14.01.2015</subfield>
    <subfield code="g">465.00</subfield>
    <subfield code="l">0</subfield>
    <subfield code="o">620.11 PHI</subfield>
    <subfield code="p">B-588760</subfield>
    <subfield code="r">2015-02-24 00:00:00</subfield>
    <subfield code="t">1</subfield>
    <subfield code="v">465.00</subfield>
    <subfield code="y">EN</subfield>
  </datafield>
  <datafield tag="952" ind1=" " ind2=" ">
    <subfield code="0">0</subfield>
    <subfield code="1">0</subfield>
    <subfield code="4">0</subfield>
    <subfield code="7">0</subfield>
    <subfield code="8">NFIC</subfield>
    <subfield code="a">DIZ</subfield>
    <subfield code="b">DIZ</subfield>
    <subfield code="d">2015-02-24</subfield>
    <subfield code="e">Prakashan Sansthan/429/06.01.2015/185/08.12.2014/14.01.2015</subfield>
    <subfield code="g">465.00</subfield>
    <subfield code="l">1</subfield>
    <subfield code="o">620.11 PHI</subfield>
    <subfield code="p">B-588761</subfield>
    <subfield code="r">2020-02-21 00:00:00</subfield>
    <subfield code="s">2019-12-26</subfield>
    <subfield code="t">1</subfield>
    <subfield code="v">465.00</subfield>
    <subfield code="y">EN</subfield>
  </datafield>
  <datafield tag="952" ind1=" " ind2=" ">
    <subfield code="0">0</subfield>
    <subfield code="1">0</subfield>
    <subfield code="4">0</subfield>
    <subfield code="7">0</subfield>
    <subfield code="8">NFIC</subfield>
    <subfield code="a">JP</subfield>
    <subfield code="b">JP</subfield>
    <subfield code="d">2015-02-24</subfield>
    <subfield code="e">Prakashan Sansthan/429/06.01.2015/185/08.12.2014/14.01.2015</subfield>
    <subfield code="g">465.00</subfield>
    <subfield code="l">4</subfield>
    <subfield code="o">620.11 PHI</subfield>
    <subfield code="p">B-588762</subfield>
    <subfield code="r">2018-08-16 00:00:00</subfield>
    <subfield code="s">2018-08-02</subfield>
    <subfield code="t">1</subfield>
    <subfield code="v">465.00</subfield>
    <subfield code="y">EN</subfield>
  </datafield>
  <datafield tag="952" ind1=" " ind2=" ">
    <subfield code="0">0</subfield>
    <subfield code="1">0</subfield>
    <subfield code="4">0</subfield>
    <subfield code="7">0</subfield>
    <subfield code="8">NFIC</subfield>
    <subfield code="a">ZLS</subfield>
    <subfield code="b">ZLS</subfield>
    <subfield code="d">2015-02-24</subfield>
    <subfield code="e">Prakashan Sansthan/429/06.01.2015/185/08.12.2014/14.01.2015</subfield>
    <subfield code="g">465.00</subfield>
    <subfield code="l">0</subfield>
    <subfield code="o">620.11 PHI</subfield>
    <subfield code="p">B-588763</subfield>
    <subfield code="r">2015-02-24 00:00:00</subfield>
    <subfield code="t">1</subfield>
    <subfield code="v">465.00</subfield>
    <subfield code="y">EN</subfield>
  </datafield>
  <datafield tag="952" ind1=" " ind2=" ">
    <subfield code="0">0</subfield>
    <subfield code="1">0</subfield>
    <subfield code="4">0</subfield>
    <subfield code="7">0</subfield>
    <subfield code="8">NFIC</subfield>
    <subfield code="a">RKP</subfield>
    <subfield code="b">RKP</subfield>
    <subfield code="d">2015-02-24</subfield>
    <subfield code="e">Prakashan Sansthan/429/06.01.2015/185/08.12.2014/14.01.2015</subfield>
    <subfield code="g">465.00</subfield>
    <subfield code="l">0</subfield>
    <subfield code="o">620.11 PHI</subfield>
    <subfield code="p">B-588764</subfield>
    <subfield code="r">2015-02-24 00:00:00</subfield>
    <subfield code="t">1</subfield>
    <subfield code="v">465.00</subfield>
    <subfield code="y">EN</subfield>
  </datafield>
  <datafield tag="952" ind1=" " ind2=" ">
    <subfield code="0">0</subfield>
    <subfield code="1">0</subfield>
    <subfield code="4">0</subfield>
    <subfield code="7">0</subfield>
    <subfield code="8">NFIC</subfield>
    <subfield code="a">AG</subfield>
    <subfield code="b">AG</subfield>
    <subfield code="d">2015-02-24</subfield>
    <subfield code="e">Prakashan Sansthan/429/06.01.2015/185/08.12.2014/14.01.2015</subfield>
    <subfield code="g">465.00</subfield>
    <subfield code="l">0</subfield>
    <subfield code="o">620.11 PHI</subfield>
    <subfield code="p">B-588765</subfield>
    <subfield code="r">2015-02-24 00:00:00</subfield>
    <subfield code="t">1</subfield>
    <subfield code="v">465.00</subfield>
    <subfield code="y">EN</subfield>
  </datafield>
  <datafield tag="952" ind1=" " ind2=" ">
    <subfield code="0">0</subfield>
    <subfield code="1">0</subfield>
    <subfield code="4">0</subfield>
    <subfield code="7">0</subfield>
    <subfield code="8">NFIC</subfield>
    <subfield code="a">SP</subfield>
    <subfield code="b">SP</subfield>
    <subfield code="d">2015-02-24</subfield>
    <subfield code="e">Prakashan Sansthan/429/06.01.2015/185/08.12.2014/14.01.2015</subfield>
    <subfield code="g">465.00</subfield>
    <subfield code="l">1</subfield>
    <subfield code="o">620.11 PHI</subfield>
    <subfield code="p">B-588766</subfield>
    <subfield code="r">2020-03-04 00:00:00</subfield>
    <subfield code="s">2020-02-03</subfield>
    <subfield code="t">1</subfield>
    <subfield code="v">465.00</subfield>
    <subfield code="y">EN</subfield>
  </datafield>
  <datafield tag="952" ind1=" " ind2=" ">
    <subfield code="0">0</subfield>
    <subfield code="1">0</subfield>
    <subfield code="4">0</subfield>
    <subfield code="7">0</subfield>
    <subfield code="8">NFIC</subfield>
    <subfield code="a">QRP</subfield>
    <subfield code="b">QRP</subfield>
    <subfield code="d">2015-02-24</subfield>
    <subfield code="e">Prakashan Sansthan/429/06.01.2015/185/08.12.2014/14.01.2015</subfield>
    <subfield code="g">465.00</subfield>
    <subfield code="l">0</subfield>
    <subfield code="o">620.11 PHI</subfield>
    <subfield code="p">B-588767</subfield>
    <subfield code="r">2015-02-24 00:00:00</subfield>
    <subfield code="t">1</subfield>
    <subfield code="v">465.00</subfield>
    <subfield code="y">EN</subfield>
  </datafield>
  <datafield tag="952" ind1=" " ind2=" ">
    <subfield code="0">0</subfield>
    <subfield code="1">0</subfield>
    <subfield code="4">0</subfield>
    <subfield code="7">0</subfield>
    <subfield code="8">NFIC</subfield>
    <subfield code="a">VP</subfield>
    <subfield code="b">VP</subfield>
    <subfield code="d">2015-02-24</subfield>
    <subfield code="e">Prakashan Sansthan/429/06.01.2015/185/08.12.2014/14.01.2015</subfield>
    <subfield code="g">465.00</subfield>
    <subfield code="l">1</subfield>
    <subfield code="o">620.11 PHI</subfield>
    <subfield code="p">B-588768</subfield>
    <subfield code="r">2020-10-14 00:00:00</subfield>
    <subfield code="s">2020-10-14</subfield>
    <subfield code="t">1</subfield>
    <subfield code="v">465.00</subfield>
    <subfield code="y">EN</subfield>
  </datafield>
  <datafield tag="952" ind1=" " ind2=" ">
    <subfield code="0">0</subfield>
    <subfield code="1">0</subfield>
    <subfield code="4">0</subfield>
    <subfield code="7">0</subfield>
    <subfield code="8">NFIC</subfield>
    <subfield code="a">BL3</subfield>
    <subfield code="b">BL3</subfield>
    <subfield code="d">2015-02-24</subfield>
    <subfield code="e">Prakashan Sansthan/429/06.01.2015/185/08.12.2014/14.01.2015</subfield>
    <subfield code="g">465.00</subfield>
    <subfield code="l">0</subfield>
    <subfield code="o">620.11 PHI</subfield>
    <subfield code="p">B-588769</subfield>
    <subfield code="r">2015-02-24 00:00:00</subfield>
    <subfield code="t">1</subfield>
    <subfield code="v">465.00</subfield>
    <subfield code="y">EN</subfield>
  </datafield>
  <datafield tag="952" ind1=" " ind2=" ">
    <subfield code="0">0</subfield>
    <subfield code="1">0</subfield>
    <subfield code="4">0</subfield>
    <subfield code="7">0</subfield>
    <subfield code="8">NFIC</subfield>
    <subfield code="a">NR</subfield>
    <subfield code="b">NR</subfield>
    <subfield code="d">2015-02-24</subfield>
    <subfield code="e">Prakashan Sansthan/429/06.01.2015/185/08.12.2014/14.01.2015</subfield>
    <subfield code="g">465.00</subfield>
    <subfield code="l">0</subfield>
    <subfield code="o">620.11 PHI</subfield>
    <subfield code="p">B-588770</subfield>
    <subfield code="r">2015-02-24 00:00:00</subfield>
    <subfield code="t">1</subfield>
    <subfield code="v">465.00</subfield>
    <subfield code="y">EN</subfield>
  </datafield>
  <datafield tag="952" ind1=" " ind2=" ">
    <subfield code="0">0</subfield>
    <subfield code="1">0</subfield>
    <subfield code="4">0</subfield>
    <subfield code="7">0</subfield>
    <subfield code="8">NFIC</subfield>
    <subfield code="a">BN</subfield>
    <subfield code="b">BN</subfield>
    <subfield code="d">2015-02-24</subfield>
    <subfield code="e">Prakashan Sansthan/429/06.01.2015/185/08.12.2014/14.01.2015</subfield>
    <subfield code="g">465.00</subfield>
    <subfield code="l">1</subfield>
    <subfield code="o">620.11 PHI</subfield>
    <subfield code="p">B-588771</subfield>
    <subfield code="r">2019-05-15 00:00:00</subfield>
    <subfield code="s">2019-05-08</subfield>
    <subfield code="t">1</subfield>
    <subfield code="v">465.00</subfield>
    <subfield code="y">EN</subfield>
  </datafield>
  <datafield tag="952" ind1=" " ind2=" ">
    <subfield code="0">0</subfield>
    <subfield code="1">0</subfield>
    <subfield code="4">0</subfield>
    <subfield code="7">0</subfield>
    <subfield code="8">NFIC</subfield>
    <subfield code="a">KV</subfield>
    <subfield code="b">KV</subfield>
    <subfield code="d">2015-02-24</subfield>
    <subfield code="e">Prakashan Sansthan/429/06.01.2015/185/08.12.2014/14.01.2015</subfield>
    <subfield code="g">465.00</subfield>
    <subfield code="l">0</subfield>
    <subfield code="o">620.11 PHI</subfield>
    <subfield code="p">B-588772</subfield>
    <subfield code="r">2015-02-24 00:00:00</subfield>
    <subfield code="t">1</subfield>
    <subfield code="v">465.00</subfield>
    <subfield code="y">EN</subfield>
  </datafield>
  <datafield tag="952" ind1=" " ind2=" ">
    <subfield code="0">0</subfield>
    <subfield code="1">5</subfield>
    <subfield code="4">0</subfield>
    <subfield code="7">0</subfield>
    <subfield code="8">NFIC</subfield>
    <subfield code="a">MV</subfield>
    <subfield code="b">MV</subfield>
    <subfield code="d">2015-02-24</subfield>
    <subfield code="e">Prakashan Sansthan/429/06.01.2015/185/08.12.2014/14.01.2015</subfield>
    <subfield code="g">465.00</subfield>
    <subfield code="l">0</subfield>
    <subfield code="o">620.11 PHI</subfield>
    <subfield code="p">B-588773</subfield>
    <subfield code="r">2015-02-24 00:00:00</subfield>
    <subfield code="t">1</subfield>
    <subfield code="v">465.00</subfield>
    <subfield code="y">EN</subfield>
  </datafield>
  <datafield tag="952" ind1=" " ind2=" ">
    <subfield code="0">0</subfield>
    <subfield code="1">0</subfield>
    <subfield code="4">0</subfield>
    <subfield code="7">0</subfield>
    <subfield code="8">NFIC</subfield>
    <subfield code="a">MP</subfield>
    <subfield code="b">MP</subfield>
    <subfield code="d">2015-02-24</subfield>
    <subfield code="e">Prakashan Sansthan/429/06.01.2015/185/08.12.2014/14.01.2015</subfield>
    <subfield code="g">465.00</subfield>
    <subfield code="l">0</subfield>
    <subfield code="o">620.11 PHI</subfield>
    <subfield code="p">B-588774</subfield>
    <subfield code="r">2015-02-24 00:00:00</subfield>
    <subfield code="t">1</subfield>
    <subfield code="v">465.00</subfield>
    <subfield code="y">EN</subfield>
  </datafield>
  <datafield tag="952" ind1=" " ind2=" ">
    <subfield code="0">0</subfield>
    <subfield code="1">0</subfield>
    <subfield code="4">0</subfield>
    <subfield code="7">0</subfield>
    <subfield code="8">NFIC</subfield>
    <subfield code="a">BL4</subfield>
    <subfield code="b">BL4</subfield>
    <subfield code="d">2015-02-24</subfield>
    <subfield code="e">Prakashan Sansthan/429/06.01.2015/185/08.12.2014/14.01.2015</subfield>
    <subfield code="g">465.00</subfield>
    <subfield code="l">3</subfield>
    <subfield code="o">620.11 PHI</subfield>
    <subfield code="p">B-588775</subfield>
    <subfield code="r">2018-12-22 00:00:00</subfield>
    <subfield code="s">2018-12-08</subfield>
    <subfield code="t">1</subfield>
    <subfield code="v">465.00</subfield>
    <subfield code="y">EN</subfield>
  </datafield>
  <datafield tag="952" ind1=" " ind2=" ">
    <subfield code="0">0</subfield>
    <subfield code="1">0</subfield>
    <subfield code="4">0</subfield>
    <subfield code="7">0</subfield>
    <subfield code="8">NFIC</subfield>
    <subfield code="a">YV</subfield>
    <subfield code="b">YV</subfield>
    <subfield code="d">2015-02-24</subfield>
    <subfield code="e">Prakashan Sansthan/429/06.01.2015/185/08.12.2014/14.01.2015</subfield>
    <subfield code="g">465.00</subfield>
    <subfield code="l">0</subfield>
    <subfield code="o">620.11 PHI</subfield>
    <subfield code="p">B-588776</subfield>
    <subfield code="r">2015-02-24 00:00:00</subfield>
    <subfield code="t">1</subfield>
    <subfield code="v">465.00</subfield>
    <subfield code="y">EN</subfield>
  </datafield>
  <datafield tag="952" ind1=" " ind2=" ">
    <subfield code="0">0</subfield>
    <subfield code="1">0</subfield>
    <subfield code="4">0</subfield>
    <subfield code="7">0</subfield>
    <subfield code="8">NFIC</subfield>
    <subfield code="a">RC</subfield>
    <subfield code="b">RC</subfield>
    <subfield code="d">2015-02-24</subfield>
    <subfield code="e">Prakashan Sansthan/429/06.01.2015/185/08.12.2014/14.01.2015</subfield>
    <subfield code="g">465.00</subfield>
    <subfield code="l">0</subfield>
    <subfield code="o">620.11 PHI</subfield>
    <subfield code="p">B-588777</subfield>
    <subfield code="r">2015-02-24 00:00:00</subfield>
    <subfield code="t">1</subfield>
    <subfield code="v">465.00</subfield>
    <subfield code="y">EN</subfield>
  </datafield>
  <datafield tag="952" ind1=" " ind2=" ">
    <subfield code="0">0</subfield>
    <subfield code="1">0</subfield>
    <subfield code="4">0</subfield>
    <subfield code="7">0</subfield>
    <subfield code="8">NFIC</subfield>
    <subfield code="a">RC3</subfield>
    <subfield code="b">RC3</subfield>
    <subfield code="d">2015-02-24</subfield>
    <subfield code="e">Prakashan Sansthan/429/06.01.2015/185/08.12.2014/14.01.2015</subfield>
    <subfield code="g">465.00</subfield>
    <subfield code="l">0</subfield>
    <subfield code="o">620.11 PHI</subfield>
    <subfield code="p">B-588778</subfield>
    <subfield code="r">2015-02-24 00:00:00</subfield>
    <subfield code="t">4</subfield>
    <subfield code="v">465.00</subfield>
    <subfield code="y">EN</subfield>
  </datafield>
  <datafield tag="952" ind1=" " ind2=" ">
    <subfield code="0">0</subfield>
    <subfield code="1">0</subfield>
    <subfield code="4">0</subfield>
    <subfield code="7">0</subfield>
    <subfield code="8">NFIC</subfield>
    <subfield code="a">RC3</subfield>
    <subfield code="b">RC3</subfield>
    <subfield code="d">2015-02-24</subfield>
    <subfield code="e">Prakashan Sansthan/429/06.01.2015/185/08.12.2014/14.01.2015</subfield>
    <subfield code="g">465.00</subfield>
    <subfield code="l">0</subfield>
    <subfield code="o">620.11 PHI</subfield>
    <subfield code="p">B-588779</subfield>
    <subfield code="r">2015-02-24 00:00:00</subfield>
    <subfield code="t">4</subfield>
    <subfield code="v">465.00</subfield>
    <subfield code="y">EN</subfield>
  </datafield>
  <datafield tag="952" ind1=" " ind2=" ">
    <subfield code="0">0</subfield>
    <subfield code="1">0</subfield>
    <subfield code="4">0</subfield>
    <subfield code="7">0</subfield>
    <subfield code="8">NFIC</subfield>
    <subfield code="a">RC3</subfield>
    <subfield code="b">RC3</subfield>
    <subfield code="d">2015-02-24</subfield>
    <subfield code="e">Prakashan Sansthan/429/06.01.2015/185/08.12.2014/14.01.2015</subfield>
    <subfield code="g">465.00</subfield>
    <subfield code="l">0</subfield>
    <subfield code="o">620.11 PHI</subfield>
    <subfield code="p">B-588780</subfield>
    <subfield code="r">2015-02-24 00:00:00</subfield>
    <subfield code="t">4</subfield>
    <subfield code="v">465.00</subfield>
    <subfield code="y">EN</subfield>
  </datafield>
  <datafield tag="952" ind1=" " ind2=" ">
    <subfield code="0">0</subfield>
    <subfield code="1">0</subfield>
    <subfield code="4">0</subfield>
    <subfield code="7">0</subfield>
    <subfield code="8">NFIC</subfield>
    <subfield code="a">RC3</subfield>
    <subfield code="b">RC3</subfield>
    <subfield code="d">2015-02-24</subfield>
    <subfield code="e">Prakashan Sansthan/429/06.01.2015/185/08.12.2014/14.01.2015</subfield>
    <subfield code="g">465.00</subfield>
    <subfield code="l">0</subfield>
    <subfield code="o">620.11 PHI</subfield>
    <subfield code="p">B-588781</subfield>
    <subfield code="r">2015-02-24 00:00:00</subfield>
    <subfield code="t">4</subfield>
    <subfield code="v">465.00</subfield>
    <subfield code="y">EN</subfield>
  </datafield>
  <datafield tag="952" ind1=" " ind2=" ">
    <subfield code="0">0</subfield>
    <subfield code="1">0</subfield>
    <subfield code="4">0</subfield>
    <subfield code="7">0</subfield>
    <subfield code="8">NFIC</subfield>
    <subfield code="a">AV</subfield>
    <subfield code="b">AV</subfield>
    <subfield code="d">2018-03-08</subfield>
    <subfield code="e">PS/504/28.2.2017/EN/AV/430/15.2.2017/7.3.2017</subfield>
    <subfield code="g">465.00</subfield>
    <subfield code="l">1</subfield>
    <subfield code="o">620.11 PHI</subfield>
    <subfield code="p">B-665106</subfield>
    <subfield code="r">2018-10-03 00:00:00</subfield>
    <subfield code="s">2018-09-25</subfield>
    <subfield code="t">1</subfield>
    <subfield code="v">465.00</subfield>
    <subfield code="w">2018-03-08</subfield>
    <subfield code="y">EN</subfield>
  </datafield>
</record>
